000 01047nam a22002537i 4500
005 20260108102624.0
008 250906s2025 jo ||||gr|||| 00| 0 ara d
020 _a9789923282700
040 _aJO-AmGAM
_erda
082 1 4 _a332.46
_bج ب و
100 1 _aالجبوري، سوسن كريم
_eمؤلف.
245 1 0 _aاستقرار الطلب على النقود في ظل مؤشرات السياسة النقدية :
_bنظريات وطرق قياس /
_cالأستاذ الدكتورة سوسن كريم الجبوري، نور محمد الأزرقي.
250 _aالطبعة الأولى.
264 3 1 _aعمان :
_bدار صفاء للطباعة والنشر والتوزيع،
_c2025.
300 _a237 صفحة.
336 _2rdacontent
_aنص
_btxt
337 _2rdamedia
_aدون وسيط عرض
_bn
338 _2rdacarrier
_aمجلد
_bnc
650 1 7 _aالنقود.
650 1 7 _aالسياسات النقدية.
700 1 _aالأزرقي، نور محمد
_eمؤلف.
942 _2ddc
_cBK
999 _c247533
_d247533